01367 a2200301 4500003000500000005001700005010001700022020002200039035002200061040000900083082001500092245011100107246001800218260004900236300002100285505026500306650004100571650004200612650004900654650001500703651005200718651005200770700001600822700002300838710003400861856008900895856008100984NUST20221230173431.0 a 2003107189 a1876175842 (pbk.) a(DLC) 2003107189 cNust00a363.32,COV00aCovert action :the roots of terrorism /cedited and with introductions by Ellen Ray and William H. Schaap 14aCovert action aMelbourne ;aNew York :bOcean Press,c2003. a310 p. ;c23 cm. aWar without End (Page-1), From Cuba to Afghanistan (Page-29), Terrorist Wars in the Middle East (Page-121), Iran-contra and Israel lobby (Page-157), The Bush family (page-188), Iran and the Gulf wars (Page-206), End Game:The fundamentalists ascend (Page-235). 0aIntelligence servicezUnited States. 0aSubversive activitieszUnited States. 0aTerrorismxGovernment policyzUnited States. 0aTerrorism. 0aUnited StatesxForeign relationsy20th century. 0aUnited StatesxForeign relationsy21st century.1 aRay, Ellen.1 aSchaap, William H.2 aInstitute for Media Analysis.413Publisher descriptionuhttp://www.loc.gov/catdir/description/cons041/2003107189.html413Table of contents onlyuhttp://www.loc.gov/catdir/toc/fy0711/2003107189.html